Culture Générale - Série 2442 - Statistiques

Statistiques générales
  • Ce quiz a été pris 167 fois
  • Le résultat moyen est 6 sur 10
Statistiques - réponses
Question Réponse % Correct
Combien y a-t-il d'ares dans un hectare ? en chiffre 100
92%
Quelle variété de riz est cultivée principalement en Inde dans le Pendjab ? basmati
84%
Quel est le premier nombre premier ? en chiffre 2
69%
Quel élément chimique est symbolisé par la lettre F ? fluor
61%
Quel organe du corps humain peut être affecté de myosis ? oeil
56%
Sur quelle commune se situe l'aéroport de Bordeaux ? Mérignac
52%
Quel était le chanteur du groupe Aphrodite's Child créé en1968 ? prénom et nom - voir photo Demis Roussos
39%
Sous quel pseudonyme connait-on mieux l'animateur de télévision Jacques Essebag ? Arthur
36%
Dans le langage populaire, ce mot de 5 lettres commençant par " p " signifie "correction, défaite écrasante" pâtée
34%
Quel était le prénom de l'architecte brésilien Niemeyer (1907-2012) ? Oscar
32%
Aucun quiz correspondant
Distribution des résultats
% des personnes avec chaque résultat
Percentile par nombre de réponses
Votre historique - résultats
Vous n’avez pas pris ce quiz